[Event "Troisdorf op "]
[Site "Troisdorf"]
[Date "2010.11.09"]
[Round "3"]
[White "Margenberg, Volker"]
[Black "Spira, Uwe"]
[Result "1/2-1/2"]
[WhiteElo "1601"]
[BlackElo "1759"]
[PlyCount "53"]
[EventDate "2010.10.26"]
[EventType "swiss"]
[EventRounds "7"]
[EventCountry "GER"]
[SourceTitle "EXT 2013"]
[Source "ChessBase"]
[SourceDate "2012.11.22"]
[SourceVersion "1"]
[SourceVersionDate "2012.11.22"]
[SourceQuality "1"]

1. d4 Nf6 2. c4 g6 3. Nc3 d5 4. e3 Bg7 5. Nf3 0-0 6. Bd3 c5 7. 0-0 Bg4 8. dxc5 dxc4 9. Bxc4 Qa5 10. h3 Bf5 11. Qe2 Ne4 12. Nxe4 Bxe4 13. Ng5 Bc6 14. e4 e6 15. Be3 Nd7 16. Rab1 Ne5 17. b4 Qa4 18. Bb3 Qb5 19. Qc2 h6 20. Nf3 Qxb4 21. Nxe5 Bxe5 22. Bd5 Qc3 23. Qxc3 Bxc3 24. Bxc6 bxc6 25. Bxh6 Rfd8 26. Be3 Rd7 27. Rb3 1/2-1/2

[Event "Troisdorf op "]
[Site "Troisdorf"]
[Date "2010.11.02"]
[Round "2"]
[White "Spira, Uwe"]
[Black "Akstinat, Sven Holger"]
[Result "0-1"]
[WhiteElo "1759"]
[BlackElo "1995"]
[PlyCount "92"]
[EventDate "2010.10.26"]
[EventType "swiss"]
[EventRounds "7"]
[EventCountry "GER"]
[SourceTitle "EXT 2013"]
[Source "ChessBase"]
[SourceDate "2012.11.22"]
[SourceVersion "1"]
[SourceVersionDate "2012.11.22"]
[SourceQuality "1"]

1. e4 e6 2. d4 d5 3. Nd2 dxe4 4. Nxe4 Nd7 5. Nf3 Ngf6 6. Bd3 Nxe4 7. Bxe4 Nf6 8. Bd3 c5 9. 0-0 cxd4 10. Bb5+ Bd7 11. Bxd7+ Qxd7 12. Nxd4 Rd8 13. Be3 Bc5 14. Nf5 Bxe3 15. Qxd7+ Rxd7 16. Nxe3 Ke7 17. Rfd1 Rhd8 18. Kf1 Nd5 19. Nxd5+ Rxd5 20. Ke2 Re5+ 21. Kf1 Rdd5 22. Rxd5 Rxd5 23. Ke2 Rg5 24. g3 h5 25. Rd1 h4 26. Rd4 hxg3 27. hxg3 Rc5 28. Kd2 e5 29. Rd3 f5 30. Rc3 Rxc3 31. Kxc3 g5 32. g4 Ke6 33. Kd3 Kf6 34. gxf5 Kxf5 35. Ke3 e4 36. c4 a5 37. b3 Ke5 38. a3 Kf5 39. b4 a4 40. b5 Ke5 41. b6 g4 42. c5 Kd5 43. c6 Kxc6 44. Kxe4 Kxb6 45. Kf4 Kc7 46. Kxg4 b5 0-1

[Event "Troisdorf op"]
[Site "Troisdorf"]
[Date "2009.12.01"]
[Round "6"]
[White "Hiendl, David"]
[Black "Spira, Uwe"]
[Result "0-1"]
[WhiteElo "1333"]
[BlackElo "1704"]
[PlyCount "65"]
[EventDate "2009.10.27"]
[EventType "swiss"]
[EventRounds "7"]
[EventCountry "GER"]
[SourceTitle "EXT 2011"]
[Source "ChessBase"]
[SourceDate "2010.11.26"]
[SourceVersion "1"]
[SourceVersionDate "2010.11.26"]
[SourceQuality "1"]

1. e4 c6 2. d4 d5 3. Nc3 dxe4 4. Nxe4 Nf6 5. Qd3 Nbd7 6. Nf3 Nxe4 7. Qxe4 Nf6 8. Qe5 g6 9. Bg5 Bg7 10. 0-0-0 Be6 11. a3 0-0 12. Qc5 b6 13. Qxc6 Rc8 14. Qa4 b5 15. Bxb5 a6 16. Bd3 Qb6 17. c3 Rb8 18. Rd2 a5 19. Qc2 Rfc8 20. Bf4 Rb7 21. a4 Bb3 22. Qb1 Bxa4 23. Qa2 Bb3 24. Qa3 Nd5 25. Be3 e6 26. Qa1 a4 27. Re2 Bf8 28. Kd2 Ra7 29. Rb1 Bb4 30. Rc1 a3 31. Ke1 axb2 32. Qxb2 Ba3 33. Qb1 0-1

[Event "Troisdorf op"]
[Site "Troisdorf"]
[Date "2008.10.28"]
[Round "3"]
[White "Arlt, Klaus"]
[Black "Spira, Uwe"]
[Result "1/2-1/2"]
[WhiteElo "2009"]
[BlackElo "1845"]
[PlyCount "84"]
[EventDate "2008.10.14"]
[EventType "swiss"]
[EventRounds "7"]
[EventCountry "GER"]
[SourceTitle "EXT 2011"]
[Source "ChessBase"]
[SourceDate "2010.11.26"]
[SourceVersion "1"]
[SourceVersionDate "2010.11.26"]
[SourceQuality "1"]

1. c4 Nf6 2. Nc3 g6 3. e4 Bg7 4. e5 Ng8 5. Nf3 d6 6. exd6 cxd6 7. d4 Bg4 8. Be3 Nf6 9. Be2 0-0 10. h3 Bf5 11. 0-0 d5 12. Qb3 Nc6 13. cxd5 Na5 14. Qb4 Nxd5 15. Nxd5 Qxd5 16. Rfc1 Rfc8 17. Rc5 Rxc5 18. dxc5 Nc6 19. Qxb7 Rb8 20. Qc7 Rc8 21. Qf4 Bxb2 22. Rd1 Qe4 23. Qxe4 Bxe4 24. Ng5 Bf5 25. g4 Be6 26. Nxe6 fxe6 27. Rd7 Kf7 28. Bb5 Ba3 29. Bxc6 Rxc6 30. Rxa7 Bxc5 31. Bxc5 Rxc5 32. a4 h5 33. Kg2 Kf6 34. Kg3 Rc3+ 35. f3 h4+ 36. Kf4 Rc4+ 37. Ke3 Rc3+ 38. Ke4 Ra3 39. Ra5 g5 40. Ra6 Rb3 41. Ra5 Rb4+ 42. Ke3 Rb3+ 1/2-1/2

[Event "Troisdorf op"]
[Site "Troisdorf"]
[Date "2007.11.09"]
[Round "4"]
[White "Olbrisch, Manfred"]
[Black "Spira, Uwe"]
[Result "1-0"]
[WhiteElo "2049"]
[BlackElo "1792"]
[PlyCount "41"]
[EventDate "2007.10.16"]
[EventType "swiss"]
[EventRounds "5"]
[EventCountry "GER"]
[SourceTitle "EXT 2011"]
[Source "ChessBase"]
[SourceDate "2010.11.26"]
[SourceVersion "1"]
[SourceVersionDate "2010.11.26"]
[SourceQuality "1"]

1. Nf3 Nf6 2. c4 g6 3. Nc3 Bg7 4. g3 0-0 5. Bg2 c5 6. d4 d5 7. dxc5 dxc4 8. Qxd8 Rxd8 9. Ne5 Na6 10. Nxc4 Be6 11. Na5 Nxc5 12. Be3 Nfe4 13. Nxe4 Bxb2 14. 0-0 Nxe4 15. Bxe4 Bxa1 16. Rxa1 Bd5 17. Bxd5 Rxd5 18. Nxb7 Rb8 19. Nc5 Rb2 20. Nd3 e5 21. Nxb2 1-0

[Event "Troisdorf op"]
[Site "Troisdorf"]
[Date "2006.11.21"]
[Round "5"]
[White "Spira, Uwe"]
[Black "Raabe, Joachim"]
[Result "1-0"]
[WhiteElo "1780"]
[BlackElo "1920"]
[PlyCount "119"]
[EventDate "2006.10.24"]
[EventType "swiss"]
[EventRounds "7"]
[EventCountry "GER"]
[SourceTitle "EXT 2011"]
[Source "ChessBase"]
[SourceDate "2010.11.26"]
[SourceVersion "1"]
[SourceVersionDate "2010.11.26"]
[SourceQuality "1"]

1. e4 c5 2. Nf3 d6 3. d4 cxd4 4. Nxd4 Nf6 5. Nc3 g6 6. Be3 Bg7 7. f3 0-0 8. Qd2 Nc6 9. 0-0-0 Bd7 10. h4 h5 11. Be2 Rc8 12. Kb1 Ne5 13. Rhg1 Nc4 14. Bxc4 Rxc4 15. Nd5 Nxd5 16. exd5 Qb6 17. b3 Qb4 18. c3 Rxc3 19. g4 Rfc8 20. gxh5 Bxd4 21. Qxd4 Bf5+ 22. Ka1 Qxd4 23. Bxd4 Rxf3 24. hxg6 fxg6 25. h5 Kf7 26. h6 Rh3 27. Rh1 g5 28. Rxh3 Bxh3 29. h7 e5 30. dxe6+ Bxe6 31. h8Q Rxh8 32. Bxh8 Ke7 33. Kb2 g4 34. Bd4 a6 35. Rd2 Kd7 36. Be5 d5 37. Kc3 Kc6 38. Kd4 Bf5 39. Rf2 Be4 40. Rf6+ Kd7 41. a3 Ke7 42. Rb6 Kd7 43. Rxb7+ Kc6 44. Rc7+ Kb6 45. Rc5 Bf3 46. b4 Be4 47. Bg3 Bf3 48. Bf2 Kb7 49. Ke5 Be4 50. Kd6 Bf3 51. Rc7+ Kb8 52. Ba7+ Ka8 53. Rg7 g3 54. Rxg3 Be4 55. Rg7 a5 56. Kc5 d4 57. Kb6 Bd5 58. Rd7 Bb7 59. Rd8+ Bc8 60. Rxc8# 1-0

[Event "Troisdorf op"]
[Site "Troisdorf"]
[Date "1998.10.20"]
[Round "1"]
[White "Schlueter, Hilmar"]
[Black "Spira, Uwe"]
[Result "0-1"]
[WhiteElo "1485"]
[BlackElo "1946"]
[PlyCount "114"]
[EventDate "1998.10.20"]
[EventType "swiss"]
[EventRounds "7"]
[EventCountry "GER"]
[SourceTitle "EXT 2002"]
[Source "ChessBase"]
[SourceDate "2001.11.25"]
[SourceVersion "1"]
[SourceVersionDate "2001.11.25"]
[SourceQuality "1"]

1. d4 d5 2. Nf3 Nf6 3. e3 g6 4. Bd3 Bg7 5. Nbd2 0-0 6. 0-0 b6 7. c3 c5 8. b3 Ba6 9. Bxa6 Nxa6 10. Qe2 Nc7 11. Ba3 Nd7 12. Rac1 Re8 13. Qd3 Rc8 14. c4 e5 15. dxe5 Nxe5 16. Nxe5 Bxe5 17. Nf3 Bf6 18. Rcd1 dxc4 19. bxc4 Qxd3 20. Rxd3 Rcd8 21. Rfd1 Ne6 22. g3 Kf8 23. Kf1 Ke7 24. Nd4 Bxd4 25. exd4 f5 26. d5 Ng5 27. Re1+ Kd7 28. Rde3 Ne4 29. R1e2 Nd6 30. Rc2 Rxe3 31. fxe3 Re8 32. Ke2 Re4 33. Kd3 h5 34. Bb2 Ke7 35. Bg7 h4 36. Bh6 hxg3 37. Bg5+ Kd7 38. hxg3 b5 39. cxb5 c4+ 40. Ke2 Nxb5 41. Kf3 Kd6 42. Bf6 Kxd5 43. Rb2 a6 44. Rc2 Kc5 45. Bg7 Re8 46. a4 Nd6 47. Bc3 Rb8 48. Bd4+ Kc6 49. Be5 Rb4 50. Kf4 Nf7 51. Ra2 c3+ 52. Bd4 Kd5 53. Kf3 Kc4 54. Rc2 Rb3 55. Ke2 Nd6 56. Bg7 Ne4 57. Be5 Ra3 0-1